Tous les joueurs de Tottenham depuis 2010 - Statistiques

Statistiques générales
  • Ce quiz a été pris 20 fois
    11 depuis la dernière actualisation
  • Le résultat moyen est 63 sur 154
Statistiques - réponses
Poste(s) Nationalité Saison(s) Réponse % Correct
Gardien France 2012-2023 Hugo Lloris
100%
Gardien Italie 2023- Guglielmo Vicario
89%
Milieu/attaquant Corée du Sud 2015- Heung-min Son
89%
Défenseur Belgique 2012-2020 Jan Vertonghen
89%
Défenseur Pays-Bas 2023- Micky van de Ven
89%
Milieu/attaque Belgique 2012-2019 Mousa Dembélé
89%
Attaquant Brésil 2022- Richarlison
89%
Défenseur Belgique 2015-2021 Toby Alderweireld
89%
Milieu Danemark 2013-2020 Christian Eriksen
78%
Attaquant Suède 2022- Dejan Kulusevski
78%
Défenseur Brésil 2021-2024 Emerson
78%
Défenseur Angleterre 2014-2024 Eric Dier
78%
Attaquant Pays de Galles 2007-20132020-2021 Gareth Bale
78%
Attaquant Angleterre 2011-2023 Harry Kane
78%
Milieu France 2016-2021 Moussa Sissoko
78%
Défenseur Côte d'Ivoire 2017-2021 Serge Aurier
78%
Milieu France 2019-2024 Tanguy Ndombele
78%
Défenseur Argentine 2021- Cristian Romero
67%
Défenseur Angleterre 2009-2021 Danny Rose
67%
Défenseur Colombie 2017-2023 Davinson Sánchez
67%
Attaquant Angleterre 2024- Dominic Solanke
67%
Milieu/attaquant Cameroun 2016-2019 Georges-Kévin Nkoudou
67%
Milieu Argentine 2019-2024 Giovani Lo Celso
67%
Milieu Angleterre 2014-2023 Harry Winks
67%
Milieu Angleterre 2023- James Maddison
67%
Défenseur Angleterre 2009-2017 Kyle Walker
67%
Milieu Croatie 2008-2012 Luka Modrić
67%
Attaquant Allemagne 2024- Timo Werner
67%
Attaquant France 2024- Wilson Odobert
67%
Défenseur France 2010-2015 Younès Kaboul
67%
Milieu/attaquant Pays-Bas 2022-2023 Arnaut Danjuma
56%
Défenseur Pays de Galles 2014- Ben Davies
56%
Défenseur Cameroun 2006-2015 Benoît Assou-Ekotto
56%
Attaquant Espagne 2021- Bryan Gil
56%
Milieu Angleterre 2015-2022 Dele Alli
56%
Défenseur Italie 2022- Destiny Udogie
56%
Attaquant Togo 2011-2015 Emmanuel Adebayor
56%
Milieu/attaquant Argentine 2013-2021 Erik Lamela
56%
Attaquant Espagne 2017-2019 Fernando Llorente
56%
Gardien Angleterre 2022- Fraser Forster
56%
Attaquant/milieu Mexique 2008-2012 Giovani dos Santos
56%
Milieu Islande 2012-2014 Gylfi Sigurðsson
56%
Milieu Angleterre 2020-2023 Harvey White
56%
Milieu/attaquant Croatie 2022-2024 Ivan Perišić
56%
Gardien Angleterre 2020-2021 Joe Hart
56%
Défenseur Angleterre 2015-2019 Kieran Trippier
56%
Milieu/attaquant Brésil 2018-2023 Lucas Moura
56%
Attaquant Israël 2023- Manor Solomon
56%
Défenseur Irlande 2020-2023 Matt Doherty
56%
Gardien Pays-Bas 2014-2020 Michel Vorm
56%
Milieu Algérie 2013-2016 Nabil Bentaleb
56%
Milieu Sénégal 2021- Pape Matar Sarr
56%
Milieu Brésil 2013-2015 Paulinho
56%
Gardien Argentine 2017-2021 Paulo Gazzaniga
56%
Milieu Danemark 2020- Pierre-Emile Højbjerg
56%
Défenseur Roumanie 2024- Radu Drăgușin
56%
Attaquant Espagne 2013-2015 Roberto Soldado
56%
Milieu Uruguay 2022- Rodrigo Bentancur
56%
Défenseur Espagne 2020- Sergio Reguilón
56%
Attaquant Pays-Bas 2020-2022 Steven Bergwijn
56%
Milieu Kenya 2016-2020 Victor Wanyama
56%
Attaquant Pays-Bas 2016-2019 Vincent Janssen
56%
Milieu Mali 2022- Yves Bissouma
56%
Gardien Angleterre 2020- Alfie Whiteman
44%
Gardien Etats-Unis 2011-2015 Brad Friedel
44%
Milieu Pays de Galles 2023- Brennan Johnson
44%
Défenseur Etats-Unis 2016-2022 Cameron Carter-Vickers
44%
Attaquant Cameroun 2015-2017 Clinton Njie
44%
Gardien Brésil 2008-2014 Heurelho Gomes
44%
Attaquant Angleterre 2004-20082009-2014 Jermain Defoe
44%
Défenseur Pays de Galles 2020-2024 Joe Rodon
44%
Défenseur Angleterre 2017-2020 Kyle Walker-Peters
44%
Défenseur Angleterre 1999-2012 Ledley King
44%
Milieu/attaquant Belgique 2013-2016 Nacer Chadli
44%
Milieu Angleterre 2021- Nile John
44%
Milieu Angleterre 2018-2024 Oliver Skipp
44%
Défenseur Espagne 2023- Pedro Porro
44%
Gardien Italie 2021-2022 Pierluigi Gollini
44%
Milieu Pays-Bas 2010-2012 Rafael van der Vaart
44%
Attaquant Irlande 2002-20082009-2011 Robbie Keane
44%
Défenseur France 2010-2013 William Gallas
44%
Milieu Angleterre 2021- Alfie Devine
33%
Milieu Angleterre 2024- Archie Gray
33%
Défenseur/milieu France 2014-2015 Benjamin Stambouli
33%
Attaquant Brésil 2020-2021 Carlos Vinícius
33%
Défenseur France 2022-2023 Clément Lenglet
33%
Milieu Etats-Unis 2012-2013 Clint Dempsey
33%
Attaquant Angleterre 2020- Dane Scarlett
33%
Défenseur Etats-Unis 2015-2016 DeAndre Yedlin
33%
Défenseur Angleterre 2022- Djed Spence
33%
Milieu Portugal 2020-2021 Gedson Fernandes
33%
Milieu Angleterre 2015-2019 Josh Onomah
33%
Milieu Allemagne 2013-2015 Lewis Holtby
33%
Attaquant France 2011-2012 Louis Saha
33%
Défenseur Angleterre 2020- Malachi Fagan-Walcott
33%
Milieu Angleterre 2024- Mikey Moore
33%
Gardien Espagne 2016-2017 Pau López
33%
Attaquant Angleterre 2009-2011 Peter Crouch
33%
Milieu Angleterre 2008-2016 Ryan Mason
33%
Milieu/défenseur Angleterre 2019-2024 Ryan Sessegnon
33%
Milieu Angleterre 2011-2013 Scott Parker
33%
Attaquant Irlande 2019-2024 Troy Parrott
33%
Défenseur Croatie 2008-2012 Vedran Ćorluka
33%
Défenseur Roumanie 2013-2015 Vlad Chiricheș
33%
Milieu Angleterre 2005-2015 Aaron Lennon
22%
Défenseur Angleterre 2008-2014 Adam Smith
22%
Milieu/attaquant Angleterre 2009-2016 Andros Townsend
22%
Défenseur Argentine 2014-2017 Federico Fazio
22%
Attaquant Irlande du Nord 2023- Jamie Donley
22%
Défenseur Angleterre 2019-2024 Japhet Tanganga
22%
Défenseur Argentine 2017-2021 Juan Foyth
22%
Défenseur/ Autriche 2015-2017 Kevin Wimmer
22%
Milieu Angleterre 2017-2020 Luke Amos
22%
Défenseur Angleterre 2005-2014 Michael Dawson
22%
Défenseur Cameroun 2009-2012 Sébastien Bassong
22%
Défenseur Ecosse 2008-2011 Alan Hutton
11%
Milieu Angleterre 2013-2016 Alex Pritchard
11%
Milieu Chypre 2017-2021 Anthony Georgiou
11%
Défenseur Angleterre 2016-2018 Anton Walkes
11%
Attaquant Angleterre 2012-2014 Cameron Lancaster
11%
Gardien Italie 2009-2012 Carlo Cudicini
11%
Milieu Angleterre 2008-2013 David Bentley
11%
Attaquant Angleterre 2021-2022 Dilan Markanday
11%
Milieu France 2013-2015 Étienne Capoue
11%
Défenseur Angleterre 2013-2014 Ezekiel Fryers
11%
Milieu Slovaquie 2016-2017 Filip Lesniak
11%
Défenseur Angleterre 2023- George Abbott
11%
Milieu Angleterre 2018-2021 George Marsh
11%
Attaquant Espagne 2011-2014 Iago Falque
11%
Milieu/attaquant Angleterre 2019-2022 Jack Clarke
11%
Milieu Angleterre 2008-2014 Jake Livermore
11%
Milieu Angleterre 2005-2013 Jermaine Jenas
11%
Attaquant Angleterre 2017-2021 Kazaiah Sterling
11%
Défenseur Angleterre 2009-2015 Kyle Naughton
11%
Milieu Suède 2024- Lucas Begvall
11%
Défenseur Estonie 2020-2023 Maksim Paskotši
11%
Défenseur Angleterre 2021-2022 Marcel Lavinier
11%
Milieu/attaquant Angleterre 2016-2019 Marcus Edwards
11%
Milieu Ecosse 2023- Matthew Craig
11%
Défenseur Serbie 2013-2016 Miloš Veljković
11%
Milieu Croatie 2009-2012 Niko Kranjčar
11%
Attaquant Russie 2008-2012 Roman Pavlioutchenko
11%
Défenseur Nouvelle-Zélande 2011-2012 Ryan Nelsen
11%
Milieu Brésil 2010-2014 Sandro
11%
Attaquant Angleterre 2016-2019 Shayon Harrison
11%
Défenseur Sierra Leone 2009-2013 Steven Caulker
11%
Milieu Afrique du Sud 2011-2012 Steven Pienaar
11%
Milieu Angleterre 2017-2020 Tashan Oakley-Boothe
11%
Défenseur Angleterre 2018-2021 Timothy Eyoma
11%
Milieu Angleterre 2011-2017 Tom Carroll
11%
Milieu Angleterre 2005-2013 Tom Huddlestone
11%
Milieu Honduras 2009-2011 Wilson Palacios
11%
Défenseur Angleterre 2013-2016 Dominic Ball
0%
Milieu Angleterre 2021-2022 J'Neil Bennett
0%
Aucun quiz correspondant
Distribution des résultats
% des personnes avec chaque résultat
Percentile par nombre de réponses
Votre historique - résultats
Vous n’avez pas pris ce quiz depuis la dernière actualisation